perverts - ethel cain - Statistics

General Stats
  • This quiz has been taken 11 times
  • The average score is 76 of 83
Answer Stats
Answer % Correct
god
100%
god
100%
god
100%
it
100%
its
100%
my
100%
my
100%
my
100%
my
100%
nearer
100%
nearer
100%
nearer
100%
nearer
100%
nearer
100%
oh
100%
the
100%
the
100%
the
100%
the
100%
thee
100%
thee
100%
thee
100%
thee
100%
thee
100%
to
100%
to
100%
to
100%
to
100%
to
100%
to
100%
to
100%
a
89%
a
89%
driving
89%
everybody
89%
fast
89%
forsaken
89%
forsaken
89%
forsaken
89%
forsaken
89%
good
89%
happening
89%
has
89%
has
89%
has
89%
has
89%
heaven
89%
heaven
89%
heaven
89%
heaven
89%
heaven
89%
heaven
89%
heaven
89%
is
89%
know
89%
masturbator
89%
masturbator
89%
masturbator
89%
masturbator
89%
masturbator
89%
masturbator
89%
music
89%
no
89%
one
89%
person
89%
reckless
89%
sad
89%
slow
89%
song
89%
you
89%
all
78%
be
78%
be
78%
cross
78%
e'en
78%
leads
78%
me
78%
often
78%
raiseth
78%
shall
78%
still
78%
that
78%
though
78%
No matching quizzes found
Score Distribution
Percent of People with Each Score
Percentile by Number Answered
Your Score History
You have not taken this quiz